| 000 | 00935nas a2200325 4500 | ||
|---|---|---|---|
| 001 | BR0400250 | ||
| 003 | BR-BrBNA | ||
| 005 | 20231205104348.0 | ||
| 007 | ta | ||
| 008 | 230509b bl.|||p| |||| 00| 00por d | ||
| 040 |
_aBR-BrBNA _bpor _cBiblioteca Nacional de Agricultura |
||
| 041 | _a(Pt) | ||
| 072 | _aL53 | ||
| 100 | 1 | _aGusmão, A.L. | |
| 100 | 1 | _aSilva, J.C. | |
| 100 | 1 | _aQuintela, A.T. | |
| 100 | 1 | _aGiordiano, H. | |
| 100 | 1 | _aMartins, L.P. | |
| 100 | 1 | _aChalhoub, M. | |
| 100 | 1 | _aRibeiro Filho, A.L. | |
| 245 | 1 | _aHidrocele comunicante em garanhão - relato de um caso | |
| 650 | _aGARANHÃO | ||
| 650 | _aMANGA LARGA | ||
| 650 | _aFERTILIDADE ANIMAL | ||
| 650 | _aTESTÍCULO | ||
| 650 | _aULTRA-SOM | ||
| 773 | 0 |
_tRevista Brasileira de Reprodução Animal (Brazil) _xISSN 0102-0803 _g(Jul-Sep 2003), v. 27(3) p. 576-578 _wBR0400250 |
|
| 909 |
_a202311 _bLúcia _c55 _dLúcia Elande |
||
| 942 |
_2AGRIS _n0 _cANA |
||
| 999 |
_c177754 _d177754 |
||